General Knowledge Quiz - Easy #1 - Statistics

General Stats
  • This quiz has been taken 182 times
  • The average score is 10 of 17
Answer Stats
Question Answer % Correct
Is the sun a star or a planet? Star
99%
How many legs do six dogs have together? 24
94%
How much is 7 x 0 x 3? 0
88%
What is cheese made from? Milk
87%
Which body organ has the iris, pupil and retina? Eye
85%
Which day of the week gets its name from the moon? Monday
84%
What do you call a person who doesn't eat meat but eat eggs and dairy products? Vegetarian
80%
Yolk
77%
What does L stand for in Roman numerals? 50
67%
Another word for "solo" is... Alone
66%
Who needs a whisk? Cook
42%
What is the base of mayonnaise? Oil
38%
What are the bones of the human lower leg called? Tibia
38%
How many counties does England have? 48
28%
Fibula
23%
What is a “one-armed bandit”? Slot Machine
17%
What does waiter mean in French? Serveur
9%
No matching quizzes found
Score Distribution
Percent of People with Each Score
Percentile by Number Answered
Your Score History
You have not taken this quiz